Law of employment:practice analysis. / (Record no. 5372)

MARC details
000 -LEADER
fixed length control field 01556nam a22001577a 4500
008 - FIXED-LENGTH DATA ELEMENTS--GENERAL INFORMATION
fixed length control field 150209b xxu||||| |||| 00| 0 eng d
020 ## - INTERNATIONAL STANDARD BOOK NUMBER
International Standard Book Number 074941541
050 ## - LIBRARY OF CONGRESS CALL NUMBER
Classification number KD3009.L49
100 ## - MAIN ENTRY--PERSONAL NAME
Personal name Lewis, Paul.
245 ## - TITLE STATEMENT
Title Law of employment:practice analysis. /
Statement of responsibility, etc. Paul, Lewis.
260 ## - PUBLICATION, DISTRIBUTION, ETC.
Place of publication, distribution, etc. London:
Name of publisher, distributor, etc. Kogan Page,
Date of publication, distribution, etc. 1998.
300 ## - PHYSICAL DESCRIPTION
Extent xxxvii,569p.:
Dimensions 24cm.
500 ## - GENERAL NOTE
General note Includes index and bibliography.
505 ## - FORMATTED CONTENTS NOTE
Formatted contents note Contents:The system of employment law -- Employment law and the UK legal system -- The Eropean union legal system -- The institutions of employment law -- Industrial tribunal procedure -- The substance of employment:employment status and continuity -- Race and sex discrimination -- Disability and other discrimination -- The contract of employment: formation and sources -- Recruitment, selection and appointment -- The contract of employment:terms, interpretation and change -- Pay -- Hours of work, holidays and time off -- Maternity -- Health and safety:General statutory requirements -- Health and safety:Civil liability -- Wrongful and unfair dismissal -- Redundancy and unfair dismissal -- Redundancy:consultation with employee or union representatives -- Redundancy payments -- Transfer of undertakings -- Trades unions -- Collective bargaining -- Industrial action -- Protection of information and property -- Problems and perspectives:the development and impact of employment law -- The functioning of the industrial tribunal system -- Employment and the European union -- Policy issues and the employment law system.
942 ## - ADDED ENTRY ELEMENTS (KOHA)
Source of classification or shelving scheme Library of Congress Classification
Koha item type Books
Holdings
Withdrawn status Lost status Source of classification or shelving scheme Damaged status Not for loan Home library Current library Shelving location Date acquired Total Checkouts Full call number Barcode Date last seen Copy number Price effective from Koha item type
    Library of Congress Classification     WISCONSIN INTERNATIONAL UNIVERSITY COLLEGE, GHANA - MAIN LIBRARY WISCONSIN INTERNATIONAL UNIVERSITY COLLEGE, GHANA - MAIN LIBRARY Law Library 09/02/2015   KD3009.L49 2491/1488/15 09/02/2015 1 09/02/2015 Books

If you have any concerns or questions; kindly contact the library


© Powered by WIUC ICT DIRECTORATE